Départements Limitrophes du Cantal - Statistiques

Statistiques générales
  • Ce quiz a été pris 57 fois
  • Le résultat moyen est 6 sur 6
Statistiques - réponses
Départements % Correct
Puy-de-Dôme
98%
Aveyron
96%
Corrèze
91%
Haute-Loire
91%
Lot
91%
Lozère
87%
Aucun quiz correspondant
Distribution des résultats
% des personnes avec chaque résultat
Percentile par nombre de réponses
Votre historique - résultats
Vous n’avez pas pris ce quiz